Zber a vizualizácia dát zo senzorových systémov
Salvato in:
| Autore principale: | |
|---|---|
| Altri autori: | |
| Natura: | Manoscritto Libro |
| Lingua: | slovacco |
| Pubblicazione: |
2018
|
| Soggetti: | |
| Accesso online: | http://is.stuba.sk/zp/portal_zp.pl?podrobnosti=138075 |
| Tags: |
Nessun Tag, puoi essere il primo ad aggiungerne!!
|
MARC
| LEADER | 00000ntm a22000003a 4500 | ||
|---|---|---|---|
| 001 | stuzp70493 | ||
| 003 | SK-STU | ||
| 005 | 20190327163724.4 | ||
| 007 | ta | ||
| 008 | 150427s2015----xo-----f-mn---000-0-slo-d | ||
| 040 | |a STU |b slo | ||
| 041 | 0 | |a slo | |
| 044 | |a xo | ||
| 100 | 1 | |a Škultéty, Filip |u 070400 |k Z4 |4 aut |U FIIT Fakulta informatiky a informačných technológií |T FIIT Ústav počítačového inžinierstva a aplikovanej informatiky |X 72391 |U I400 |Y 672 |7 72391 | |
| 242 | 0 | 1 | |a Collecting and visualizing of data gathered from sensors systems |y eng |
| 245 | 1 | 0 | |a Zber a vizualizácia dát zo senzorových systémov |
| 260 | |c 2018 | ||
| 300 | |a 48 s., príl., |e CD-rom | ||
| 650 | 4 | |a vizualizácia |2 slo | |
| 650 | 4 | |a relačná databáza |2 slo | |
| 650 | 4 | |a redukovanie časových radov |2 slo | |
| 650 | 4 | |a time series reduction |2 eng | |
| 650 | 4 | |a visualisation |2 eng | |
| 650 | 4 | |a relation databases |2 eng | |
| 700 | 1 | |a Gyepes, Gábor |4 ths |X 10437 |7 A000010437 | |
| 856 | 4 | |u http://is.stuba.sk/zp/portal_zp.pl?podrobnosti=138075 | |
| 996 | |b IZP20180184 |c I*DP38/18 |l II680 |s P |a 0 |w stuzp70493_0001 | ||